000 00304nam a2200121 a 4500
005 20140414131922.0
008 101023s19uu xx 00 eng d
050 _aER
_bEa1 2006
100 _aTan, Susan
245 _aEavesdropping eve.
260 _bPenerbitan Pelangi Sdn. Bhd,
_c2006.
999 _c111800
_d111800